[Event "Villa Tehuelches op 5th"]
[Site "Villa Tehuelches"]
[Date "2019.07.11"]
[Round "1"]
[White "Fernandez, Leandro Daniel"]
[Black "Gomez Barrera, Javiera Belen"]
[Result "0-1"]
[WhiteElo "1646"]
[BlackElo "2156"]
[PlyCount "92"]
[EventDate "2019.07.11"]
[EventType "swiss"]
[EventRounds "7"]
[EventCountry "CHI"]
[SourceTitle "CBM 191 Extra"]
[Source "ChessBase"]
[SourceDate "2019.09.30"]
[SourceVersion "1"]
[SourceVersionDate "2019.09.30"]
[SourceQuality "1"]

1. d4 Nf6 2. Nf3 g6 3. c4 Bg7 4. Nc3 0-0 5. e3 d6 6. Be2 Nbd7 7. 0-0 e5 8. d5 a5 9. Rb1 Nc5 10. b3 Bf5 11. Rb2 Nfe4 12. Nxe4 Nxe4 13. Qe1 Qe7 14. a3 Nc5 15. Qc3 Bg4 16. Ra2 Bxf3 17. gxf3 e4 18. Qc2 exf3 19. Bxf3 Qh4 20. Bb2 Bxb2 21. Rxb2 Rae8 22. Rd1 Re5 23. Rd4 Rg5+ 24. Kh1 Qh3 25. Qd1 h5 26. Rb1 Re8 27. Rf4 b6 28. Qd4 Ree5 29. b4 Nb3 30. Qd1 a4 31. Qf1 Qxf1+ 32. Rxf1 Nd2 33. Rd1 Nxf3 34. Rxf3 Rg4 35. Rd4 Ree4 36. Rxe4 Rxe4 37. Rf4 Rxf4 38. exf4 Kg7 39. Kg2 Kf6 40. Kf3 Kf5 41. h3 f6 42. Ke3 g5 43. fxg5 fxg5 44. Kf3 h4 45. b5 g4+ 46. hxg4+ Kg5 0-1

[Event "Villa Tehuelches Cuarto op"]
[Site "Villa Tehuelches"]
[Date "2018.07.13"]
[Round "5"]
[White "Fernandez, Leandro Daniel"]
[Black "Yanez Almonacid, Jermain Esteban"]
[Result "1-0"]
[WhiteElo "1616"]
[BlackElo "1874"]
[PlyCount "71"]
[EventDate "2018.07.11"]
[EventType "swiss"]
[EventRounds "7"]
[EventCountry "CHI"]
[SourceTitle "EXT 2020"]
[Source "ChessBase"]
[SourceDate "2019.10.17"]
[SourceVersion "1"]
[SourceVersionDate "2019.10.17"]
[SourceQuality "1"]

1. d4 Nf6 2. Nf3 d5 3. Bf4 c5 4. e3 e6 5. c3 Qb6 6. Qb3 c4 7. Qc2 Bd7 8. Nbd2 Nc6 9. Be2 Be7 10. h3 Qa5 11. e4 b5 12. exd5 Nxd5 13. Bh2 0-0 14. 0-0 Rac8 15. Ne5 Be8 16. Qe4 f5 17. Nxc6 Rxc6 18. Qc2 Bg6 19. a4 Bd6 20. Bxd6 Rxd6 21. axb5 Qxb5 22. Nxc4 Rdd8 23. Ne5 Qe8 24. Rxa7 Bh5 25. Re1 Nf4 26. Bxh5 Qxh5 27. Qd1 Qh6 28. Qf3 g5 29. Nd3 Nxd3 30. Qxd3 g4 31. hxg4 fxg4 32. Rxe6 Qc1+ 33. Qf1 Qg5 34. Ree7 g3 35. Qc4+ Rd5 36. Qxd5+ 1-0

[Event "Villa Tehuelches Cuarto op"]
[Site "Villa Tehuelches"]
[Date "2018.07.11"]
[Round "2"]
[White "Ortiz, Andres"]
[Black "Fernandez, Leandro Daniel"]
[Result "1/2-1/2"]
[WhiteElo "2027"]
[BlackElo "1616"]
[PlyCount "141"]
[EventDate "2018.07.11"]
[EventType "swiss"]
[EventRounds "7"]
[EventCountry "CHI"]
[SourceTitle "EXT 2019"]
[Source "ChessBase"]
[SourceDate "2018.10.10"]
[SourceVersion "1"]
[SourceVersionDate "2018.10.10"]
[SourceQuality "1"]

1. d4 d5 2. c4 Nc6 3. cxd5 Qxd5 4. e3 e5 5. Nc3 Bb4 6. Bd2 Bxc3 7. bxc3 e4 8. f3 Nf6 9. Qc2 Bf5 10. Qb3 Qxb3 11. axb3 0-0-0 12. Bb5 Rd6 13. Bxc6 Rxc6 14. Rxa7 Kb8 15. Ra5 Bg6 16. Ne2 exf3 17. gxf3 b6 18. Ra3 Re8 19. Kf2 Kc8 20. c4 Rce6 21. Nf4 R6e7 22. Nxg6 hxg6 23. b4 Kd7 24. b5 Rh8 25. e4 Ree8 26. e5 Ng8 27. Bf4 Ne7 28. d5 Nf5 29. Ra7 Rh4 30. e6+ fxe6 31. Bxc7 Rxc4 32. dxe6+ Rxe6 33. Rd1+ Ke8 34. Rd8+ Kf7 35. Bxb6+ Kf6 36. Rf8+ Kg5 37. Bd8+ Kf4 38. Bc7+ Kg5 39. f4+ Kg4 40. h3+ Kxh3 41. Be5 Kg4 42. Rc7 Rxe5 43. Rxc4 Rxb5 44. Ke2 Rb2+ 45. Kd3 Rf2 46. Rc6 Rf3+ 47. Kd2 g5 48. fxg5 Kxg5 49. Rc7 Kg6 50. Rd7 Rf2+ 51. Kd3 Rf4 52. Rh8 Kf6 53. Ra7 Rd4+ 54. Ke2 Rf4 55. Ra6+ Kg5 56. Ra1 Kg4 57. Rh7 Ng3+ 58. Kd3 g5 59. Rg1 Rf3+ 60. Kd2 Rf2+ 61. Ke3 Re2+ 62. Kd3 Re6 63. Rf7 Ra6 64. Rf2 Kh3 65. Rgg2 Ra3+ 66. Kc4 Ne4 67. Ra2 Rxa2 68. Rxa2 g4 69. Kd4 g3 70. Kxe4 g2 71. Rxg2 1/2-1/2

[Event "Rio Grande op 18th"]
[Site "Rio Grande"]
[Date "2018.07.05"]
[Round "1"]
[White "Fernandez, Leandro Daniel"]
[Black "Mussanti, Diego"]
[Result "0-1"]
[WhiteElo "1616"]
[BlackElo "2279"]
[PlyCount "104"]
[EventDate "2018.07.05"]
[EventType "swiss"]
[EventRounds "7"]
[EventCountry "ARG"]
[SourceTitle "EXT 2019"]
[Source "ChessBase"]
[SourceDate "2018.10.10"]
[SourceVersion "1"]
[SourceVersionDate "2018.10.10"]
[SourceQuality "1"]

1. d4 d5 2. Nf3 Nf6 3. c4 dxc4 4. Nc3 a6 5. e4 b5 6. e5 Nd5 7. a4 e6 8. axb5 Nb6 9. Be2 Bb7 10. 0-0 Bb4 11. bxa6 Nxa6 12. Nd2 Qxd4 13. Nb5 Qxe5 14. Nxc4 Nxc4 15. Bxc4 Qe4 16. Qf3 Qxf3 17. gxf3 0-0 18. Kg2 Rfd8 19. Be3 c6 20. Nc3 Nc7 21. Bb6 Rdc8 22. Bxc7 Rxa1 23. Rxa1 Rxc7 24. Ra7 Bc5 25. Ra5 Bb6 26. Ra3 Kf8 27. Ne4 Ke7 28. b4 c5 29. bxc5 Bxc5 30. Nxc5 Rxc5 31. Ra7 Rc7 32. Kg3 Kd6 33. Ba6 Bd5 34. Rxc7 Kxc7 35. Bd3 h6 36. f4 Kd6 37. f5 e5 38. h4 e4 39. Be2 Ke5 40. Kg4 Bc6 41. Bc4 Bd5 42. Bb5 Bb3 43. Bd7 Bd1+ 44. Kg3 Bh5 45. Bc8 f6 46. Bd7 Bf7 47. Kg4 Bg8 48. Kh5 Bh7 49. Kg4 Bxf5+ 50. Bxf5 h5+ 51. Kxh5 Kxf5 52. f4 g6+ 0-1